1483 1513 1001 1037 1708 1177 1312 1536 1020 1324 1912 1897 1499 1563 1535 1349 1505 1488 1715 1274 1205 1879 1245 1193 1299 1955 1955 1761 1959 1366 1536 1512 1578 1547 1526 1716 1272 1248 1009 1783 1959 1520 1589 1366 1604 1040 1448 1180 1553 1319 1548 1810 1629 1338 1499 1949 1858 1371 1749 1993 1469 1493 1586 1944 1401 1217 1298 1769 1084 1566 1227 1041 1983 1531 1149 1083 1558 1537 1250 1282 1744 1600 1526 1969 1476 1193 1048 1789 1648 1762 1844 1416 1422 1544 1433 1323 1325 1218 1291 BCNSPRNW ULIB Ver.6.0+V

เปลี่ยนเป็นภาษาไทย

Change to English
 แสดงรายละเอียดบรรณานุกรม
  กลับหน้าหลัก

Brief Record : Get Marc (ISO 2709) : E-mail record : QR code < ปิดหน้าต่าง
LEADER : 00000nam 2200000uu 4500
001    13399112927
003     ULIB
008    110919s2553||||th 000 0 tha d
024    9786167098784
060  4 WI700^bย415ด
100 0  ยุพาพิน ประเสริฐกุล
245 00 การดูแลตับ เทคนิคการป้องกันและรักษาโรคไวรัสทุกชนิด./^cยุพาพิน ประเสริฐกุล
260    กรุงเทพฯ :^b Feeling Good Publishing^c 2553
300    208 หน้า
650  4 โรคตับ
650  4 ไวรัสตับอักเสบ--การป้องกันและควบคุม
945    ^p155^l0^i030551
945    ^p155^l0^i030552
945    ^p155^l0^i030553
995    เกษร
999 ^a ใช้งานได้ทุกระบบ
รายการนี้ยังไม่มีแท็ก
คุณยังไม่ได้ล็อกอิน คุณสามารถมีกิจกรรมร่วมกับเว็บไซต์ได้ แต่ต้องล็อกอินก่อน ::
  ล็อกอิน

รายการสื่อสารสนเทศ

ลำดับที่ ประเภท เลขเรียก/บาร์โค้ด สถานที่ สถานะ
1. วิทยาศาสตร์การแพทย์ และสุขภาพ
หนังสือสำรอง
สถานะ=หนังสือสำรอง
WI700 ย415ด ฉ.1 
  Barcode: 030551
ห้องสมุดวิทยาเขตสวรรค์ประชารักษ์
►ส่วนจัดเก็บหนังสือเก่า สปร
บนชั้น
  ขอยืม
2. วิทยาศาสตร์การแพทย์ และสุขภาพ
วิทยาศาสตร์การแพทย์ และสุขภาพ
WI700 ย415ด ฉ.2 
  Barcode: 030552
ห้องสมุดวิทยาเขตสวรรค์ประชารักษ์
►ส่วนจัดเก็บหนังสือเก่า สปร
บนชั้น
  ขอยืม
3. วิทยาศาสตร์การแพทย์ และสุขภาพ
วิทยาศาสตร์การแพทย์ และสุขภาพ
WI700 ย415ด ฉ.3 
  Barcode: 030553
ห้องสมุดวิทยาเขตสวรรค์ประชารักษ์
►ส่วนจัดเก็บหนังสือเก่า สปร
บนชั้น
  ขอยืม

รายการใกล้เคียง
    หัวเรื่อง [โรคตับ]
    หัวเรื่อง [ไวรัสตับอักเสบ--การป้องกันและควบคุม]

BibComment


ยังไม่เคยถูกคอมเมนท์

คอมเมนท์ทรัพยากรรายการนี้
  คอมเมนท์: การดูแลตับ เทคนิค..


 Copyright 2026. Bcnsprnw @Library